Statistics for African Geography by Letter - X

Click here to take the quiz!

General Stats

  • This quiz has been taken 42 times
  • The average score is 3 of 20

Answer Stats

HintAnswer% Correct
Official language in South Africa and ZimbabweXhosa
100%
5th century BC Persian king whose empire included EgyptXerxes I
69%
City in southern Mozambique with a population of 116,000Xai-Xai
24%
The unstriped ground squirrel, native to East Africa, is the only member of this genusXerus
14%
Small asteroid discovered by South African astronomer Cyril Jackson and named after a South African ethnic group1506 Xosa
10%
Somali name for Hafun, the town in Somalia which is the easternmost point of continental AfricaXaafuun
10%
Small river in Eastern Cape, South AfricaXabane
10%
Town of 68,000 in northern AngolaXá-Muteba
10%
Town of 70,000 in southern AngolaXangongo
10%
Rare-earth phosphate mineral, the major component of it is yttrium, found in Madagascar and Namibia as well as places outside Africaxenotime
10%
Tribe of ground squirrels including the above, as well as others native to AfricaXerini
10%
District in the Free State of South AfricaXhariep
10%
Genus of plant native to East and Southern Africa that produces a fruit known as the sourplumXimenia
10%
Genus of swordfish, which live in oceans throughout the world, including of the coast of Africaxiphias
10%
Mountain in Eastern Cape, South AfricaXolora
10%
Safari camp on the Okavango Delta in BotswanaXakanaxa
7%
Common name of the binary star Mu1 Scorpii, meaning "the eyes if the lion" in the southern African Khoekhoe languageXamidimura
7%
Small town in Limpopo, South AfricaXanthia
7%
Sulfosalt mineral found in Moroccoxanthoconite
7%
Small town in the Mudug region of SomaliaXerojaale
7%

Score Distribution

Percentile by Number Answered

Percent of People with Each Score

Your Score History

You have not taken this quiz